Heisman winning QBs 2025-1966 (still updating) - Statistics

General Stats
  • This quiz has been taken 5 times
    3 since last reset
  • The average score is 18 of 60
Answer Stats
Hint Answer % Correct
2017 Baker Mayfield
100%
2021 Bryce young
100%
2025 Fernando Mendoza
100%
2013 jameis winston
100%
2018 Kyler Murray
100%
2022 caleb Williams
67%
2023 Jayden daniels
67%
2012 Johnny Manziel
67%
2014 Marcus Mariota
67%
2004 matt leinart
67%
1998 Ricky Williams
67%
1975 Archie Griffin
33%
1974 Archie Griffin
33%
1978 Billy Sims
33%
2010 cam Newton
33%
2002 carson Palmer
33%
1979 Charles White
33%
1997 Charles woodson
33%
1993 charlie ward
33%
1996 Danny wuerffel
33%
2015 Derrick Henry
33%
1991 Desmond Howard
33%
2020 DeVonta Smith
33%
1995 Eddie George
33%
1967 Gary Beban
33%
1982 herschel Walker
33%
2003 jason white
33%
2019 Joe burrow
33%
1972 johnny Rodgers
33%
1981 marcus Allen
33%
1968 O.J. Simpson
33%
2005 reggie bush
33%
2011 Robert Griffin III
33%
2008 Sam Bradford
33%
1966 Steve Spurrier
33%
1976 Tony Dorsett
33%
2024 Travis hunter
33%
2006 troy Smith
33%
1989 andre ware
0%
1988 Barry Sanders
0%
1985 bo Jackson
0%
2000 Chris weinke
0%
1984 Doug flutie
0%
1977 Earl Campbell
0%
2001 Eric crouch
0%
1980 George Rodgers
0%
1992 Gino torretta
0%
1970 Jim Plunkett
0%
1973 John Cappelletti
0%
2016 Lamar Jackson
0%
2009 mark Ingram II
0%
1983 mike rozier
0%
1971 Pat Sullivan
0%
1994 rashaawn salaam
0%
1999 Ron dayne
0%
1969 Steve Owens
0%
1987 Tim brown
0%
2007 Tim Tebow
0%
1990 ty detmer
0%
1986 Vinny testaverde
0%
No matching quizzes found
Score Distribution
Percent of People with Each Score
Percentile by Number Answered
Your Score History
You have not taken this quiz since the last reset